000 00208 a2200097 4500
020 _a9798890630117
041 _aspa
100 _aVan der Berg, Esther
245 _aEl mundo de gusanitos, Numeros
942 _cBK
999 _c31957
_d31955